|
|
|
|
| LEADER |
02538cam a2200613 i 4500 |
| 001 |
nkc20182979387 |
| 003 |
CZ PrNK |
| 005 |
20181204071222.0 |
| 007 |
ta |
| 008 |
180209s2017 xr ab e s 000 0 cze d |
| 015 |
|
|
|a cnb002979387
|
| 020 |
|
|
|a 978-80-250-2808-7
|q (brožováno) :
|c Kč 250,00
|
| 035 |
|
|
|a (OCoLC)1056248089
|
| 040 |
|
|
|a LIA001
|b cze
|d OLA001
|d ABA001
|e rda
|
| 043 |
|
|
|a e-xr---
|b e-xr-li
|2 czenas
|
| 045 |
|
|
|a y1y1
|
| 072 |
|
7 |
|a 314
|x Demografie. Populace
|2 Konspekt
|9 18
|
| 080 |
|
|
|a 316.346.3-053.81
|2 MRF
|
| 080 |
|
|
|a 308
|2 MRF
|
| 080 |
|
|
|a 316.728-021.465
|2 MRF
|
| 080 |
|
|
|a 314.116
|2 MRF
|
| 080 |
|
|
|a (437.316)
|2 MRF
|
| 080 |
|
|
|a (048.8:083.41)
|2 MRF
|
| 245 |
0 |
0 |
|a Mladá generace v Libereckém kraji 2016 /
|c zpracoval: krajská správa Českého statistického úřadu v Liberci
|
| 264 |
|
1 |
|a Liberec :
|b Český statistický úřad,
|c 2017
|
| 300 |
|
|
|a 118 stran :
|b barevné ilustrace, mapy ;
|c 30 cm +
|e 1 CD
|
| 336 |
|
|
|a text
|b txt
|2 rdacontent
|
| 337 |
|
|
|a bez média
|b n
|2 rdamedia
|
| 337 |
|
|
|a počítač
|b c
|2 rdamedia
|
| 338 |
|
|
|a svazek
|b nc
|2 rdacarrier
|
| 338 |
|
|
|a počítačový disk
|b cd
|2 rdacarrier
|
| 490 |
1 |
|
|a Lidé a společnost
|
| 648 |
|
7 |
|a 2011-2020
|7 ch460589
|2 czenas
|
| 648 |
|
7 |
|a 2016
|7 ch967318
|2 czenas
|
| 650 |
0 |
7 |
|a mladí lidé
|7 ph128031
|z Česko
|y 2011-2020
|2 czenas
|
| 650 |
0 |
7 |
|a mladí lidé
|7 ph128031
|x ekonomické postavení
|y 2011-2020
|2 czenas
|
| 650 |
0 |
7 |
|a mladí lidé
|7 ph128031
|x sociální poměry
|y 2011-2020
|2 czenas
|
| 650 |
0 |
7 |
|a kvalita života
|7 ph198739
|z Česko
|y 2011-2020
|2 czenas
|
| 650 |
0 |
9 |
|a young adults
|z Czechia
|y 2011-2020
|2 eczenas
|
| 650 |
0 |
9 |
|a young adults
|x economic status
|y 2011-2020
|2 eczenas
|
| 650 |
0 |
9 |
|a young adults
|x social conditions
|y 2011-2020
|2 eczenas
|
| 650 |
0 |
9 |
|a quality of life
|z Czechia
|y 2011-2020
|2 eczenas
|
| 651 |
|
7 |
|a Liberecký kraj (Česko : 2000-)
|7 ge135865
|x demografický vývoj
|y 2011-2020
|2 czenas
|
| 651 |
|
9 |
|a Liberecký kraj (Czechia : 2000-)
|x demographic transition
|y 2011-2020
|2 eczenas
|
| 651 |
|
9 |
|a Liberec Region (Czechia : 2000-)
|x demographic transition
|y 2011-2020
|2 eczenas
|
| 655 |
|
7 |
|a statistické přehledy
|7 fd133587
|2 czenas
|
| 655 |
|
9 |
|a statistical surveys
|2 eczenas
|
| 710 |
2 |
|
|a Český statistický úřad.
|b Krajská správa Liberec
|7 olak2006333225
|4 aut
|
| 830 |
|
0 |
|a Lidé a společnost
|0 s
|
| 910 |
2 |
|
|a BOA001
|b 4-1418.801
|
| 920 |
|
|
|a 0641200
|z LIA001
|
| 990 |
|
|
|a BK
|
| 995 |
|
|
|a 01
|
| 996 |
6 |
|
|b 2610763897
|c 4-1418.801
|l MZK
|r Sklad / do 1 hodiny
|n 0
|p p.v.
|w 001697870
|u 000010
|a 1
|e BOA001
|j MZK50
|s P
|